<?xml version="1.0" encoding="UTF-8"?>
<record
    xmlns:xsi="http://www.w3.org/2001/XMLSchema-instance"
    xsi:schemaLocation="http://www.loc.gov/MARC21/slim http://www.loc.gov/standards/marcxml/schema/MARC21slim.xsd"
    xmlns="http://www.loc.gov/MARC21/slim">

  <leader>01116nam0a2200313   4500</leader>
  <controlfield tag="001">RU\NLR\ONL1\3561</controlfield>
  <controlfield tag="005">20250613114205.0</controlfield>
  <datafield tag="035" ind1=" " ind2=" ">
    <subfield code="a">(NLR Aleph) 009632314</subfield>
  </datafield>
  <datafield tag="090" ind1=" " ind2=" ">
    <subfield code="a">9501504</subfield>
    <subfield code="c">9501504</subfield>
  </datafield>
  <datafield tag="100" ind1=" " ind2=" ">
    <subfield code="a">20040628d1933    |||y0rusy50      ca</subfield>
  </datafield>
  <datafield tag="101" ind1="0" ind2=" ">
    <subfield code="a">chm</subfield>
  </datafield>
  <datafield tag="102" ind1=" " ind2=" ">
    <subfield code="a">RU</subfield>
  </datafield>
  <datafield tag="105" ind1=" " ind2=" ">
    <subfield code="a">y |||||||||</subfield>
  </datafield>
  <datafield tag="200" ind1="1" ind2=" ">
    <subfield code="a">&#x418;&#x43A;&#x448;&#x44B;&#x432;&#x44D; &#x442;&#x443;&#x431;&#x435;&#x440;&#x43A;&#x443;&#x43B;&#x44C;&#x43E;&#x437; &#x432;&#x430;&#x448;&#x442;&#x430;&#x440;&#x44D;&#x448; &#x43A;&#x443;&#x447;&#x44D;&#x434;&#x430;&#x43B;&#x43C;&#x430;&#x448;&#x43A;&#x44D;</subfield>
    <subfield code="f">&#x414;-&#x440; &#x41A;&#x443;&#x440;&#x438;&#x43B;&#x43E;&#x432;&#x438;&#x447;</subfield>
    <subfield code="g">[&#x41F;&#x435;&#x440;. &#x41B;. &#x412;&#x430;&#x441;&#x438;&#x43B;&#x44C;&#x435;&#x432;]</subfield>
  </datafield>
  <datafield tag="210" ind1=" " ind2=" ">
    <subfield code="a">&#x419;&#x43E;&#x448;&#x43A;&#x430;&#x440;-&#x41E;&#x43B;&#x430;</subfield>
    <subfield code="c">&#x41C;&#x430;&#x440;&#x433;&#x43E;&#x441;&#x438;&#x437;&#x434;&#x430;&#x442;</subfield>
    <subfield code="d">1933</subfield>
  </datafield>
  <datafield tag="215" ind1=" " ind2=" ">
    <subfield code="a">32 &#x441;.</subfield>
    <subfield code="d">17</subfield>
  </datafield>
  <datafield tag="300" ind1=" " ind2=" ">
    <subfield code="a">&#x411;&#x435;&#x437; &#x442;&#x438;&#x442;. &#x43B;. &#x41E;&#x43F;&#x438;&#x441;&#x430;&#x43D;&#x43E; &#x43F;&#x43E; &#x43E;&#x431;&#x43B;.</subfield>
  </datafield>
  <datafield tag="541" ind1="1" ind2=" ">
    <subfield code="a">&#x41D;&#x430; &#x431;&#x43E;&#x440;&#x44C;&#x431;&#x443; &#x441; &#x434;&#x435;&#x442;&#x441;&#x43A;&#x438;&#x43C; &#x442;&#x443;&#x431;&#x435;&#x440;&#x43A;&#x443;&#x43B;&#x435;&#x437;&#x43E;&#x43C;</subfield>
    <subfield code="z">rus</subfield>
  </datafield>
  <datafield tag="606" ind1="0" ind2=" ">
    <subfield code="a">&#x422;&#x443;&#x431;&#x435;&#x440;&#x43A;&#x443;&#x43B;&#x435;&#x437; &#x443; &#x434;&#x435;&#x442;&#x435;&#x439;</subfield>
    <subfield code="x">&#x41F;&#x440;&#x43E;&#x444;&#x438;&#x43B;&#x430;&#x43A;&#x442;&#x438;&#x43A;&#x430;</subfield>
    <subfield code="9">1807282</subfield>
    <subfield code="3">RU\NLR\auth\661108290</subfield>
  </datafield>
  <datafield tag="686" ind1="1" ind2=" ">
    <subfield code="a">&#x420;733.54</subfield>
  </datafield>
  <datafield tag="700" ind1=" " ind2="1">
    <subfield code="a">&#x41A;&#x443;&#x440;&#x438;&#x43B;&#x43E;&#x432;&#x438;&#x447;</subfield>
    <subfield code="b">&#x41B;. &#x424;.</subfield>
    <subfield code="4">070</subfield>
  </datafield>
  <datafield tag="801" ind1=" " ind2="0">
    <subfield code="a">RU</subfield>
    <subfield code="b">NLR</subfield>
    <subfield code="c">20040628</subfield>
    <subfield code="g">PSBO</subfield>
  </datafield>
  <datafield tag="852" ind1=" " ind2=" ">
    <subfield code="a">NLR</subfield>
    <subfield code="j">&#x41C;&#x430;&#x440;.&#x43B;./2-271</subfield>
  </datafield>
  <datafield tag="852" ind1=" " ind2=" ">
    <subfield code="a">NLR</subfield>
    <subfield code="b">&#x41E;&#x41D;&#x41B;</subfield>
    <subfield code="j">&#x41C;&#x430;&#x440;.&#x43B;./2-1015</subfield>
  </datafield>
  <datafield tag="852" ind1=" " ind2=" ">
    <subfield code="a">NLR</subfield>
    <subfield code="b">&#x41E;&#x41D;&#x41B;</subfield>
    <subfield code="j">&#x41C;&#x430;&#x440;.&#x43B;./2-271</subfield>
  </datafield>
  <datafield tag="942" ind1=" " ind2=" ">
    <subfield code="c">BOOK</subfield>
  </datafield>
  <datafield tag="980" ind1=" " ind2=" ">
    <subfield code="a">NB</subfield>
  </datafield>
  <datafield tag="995" ind1=" " ind2=" ">
    <subfield code="5">2013-10-26</subfield>
    <subfield code="b">NLR01</subfield>
    <subfield code="c">NLR01</subfield>
    <subfield code="e">ONL</subfield>
    <subfield code="f">1-2419315</subfield>
    <subfield code="k">&#x41C;&#x430;&#x440;.&#x43B;./2-1015</subfield>
    <subfield code="o">0</subfield>
    <subfield code="r">BOOK</subfield>
    <subfield code="s">21015_</subfield>
  </datafield>
  <datafield tag="995" ind1=" " ind2=" ">
    <subfield code="5">2013-10-26</subfield>
    <subfield code="b">NLR01</subfield>
    <subfield code="c">NLR01</subfield>
    <subfield code="e">ONL</subfield>
    <subfield code="f">1-2414471</subfield>
    <subfield code="k">&#x41C;&#x430;&#x440;.&#x43B;./2-271</subfield>
    <subfield code="o">0</subfield>
    <subfield code="r">BOOK</subfield>
    <subfield code="s">2271_</subfield>
  </datafield>
</record>
